000 01241ngm a22003130a 4500
001 PT14863
003 AR-LpoUNG
005 20210202000101.0
007 vd cvaizq
008 191001s1999||||xxu|||||||||||||||||eng d
037 _c$8.30
040 _aAR-LpoUNG
_bspa
_cAR-LpoUNG
_eaacr
041 _aeng
_aspa
044 _axxu
082 0 _a808.838 113mat
100 1 _aWachowsky, Andy,
_edir.
245 1 4 _aThe matrix
260 _as.l.
_bWarner Home Video,
_c1999.
300 _aVHS (144 min.) : son., col.
505 0 _aDialogos en Inglés, subtítulos en castellano
520 _aNeo, a diferencia del resto de los humanos se propone averiguar la verdad de su existencia al precio que sea, en esta búsqueda da con Morfeo, quien posee la solución al enigma del universo. Todo lo que Neo piensa que es real, en verdad es una realidad virtual creada por una inteligencia artificial que controla las mentes humanas y aprovecha la energia de sus cuerpos para sus propios fines.
650 4 _aINTELIGENCIA ARTIFICIAL
651 4 _aDOCUMENTOS TEORICOS O METODOLOGICOS
653 _aVIDEOS
700 1 _aWachowsky, Larry
_edir.
710 2 _aWarner Bros (firma comercial : Estados Unidos)
905 _a14863
942 _cVIDEO
999 _c54091
_d54091